| 000 | 00576nam a2200145 a 4500 | ||
|---|---|---|---|
| 008 | 120416s1983 ||||||||||||||||| || u | ||
| 050 | _aHC 915 Tow | ||
| 245 | 0 | 0 |
_aTowards the economic self-reliance of the landlocked Zambia. _cby E. C. Kaunga and others. |
| 260 |
_aTokyo _bInstitute of developing economies _c1983 |
||
| 300 | _a212p. : ill. | ||
| 350 | _a0.00 | ||
| 650 | _aZAMBIA--ECONOMIC CONDITIONS | ||
| 650 | 0 | _aECONOMICS | |
| 995 |
_D0.00 _FCBU-MAIN LIBRARY (Kitwe) _H1 _I0.00 _M1 _UDAMAGED _ZMain Library Open Access Collection |
||
| 999 |
_c60080 _d60080 |
||